| 000 | 01153nam a2200325 4500 | ||
|---|---|---|---|
| 003 | EG-GICUC | ||
| 005 | 20260121101516.0 | ||
| 008 | 251217s1967 fr ||| fr||| 00100 fre d | ||
| 040 |
_aEG-GiCUC _bfre _cEG-GiCUC _dEG-GiCUC _eRda |
||
| 041 | _afre | ||
| 082 | 0 | 4 |
_221 _a341.84 _bWI . C |
| 092 | 0 | 4 | _221 |
| 099 | _aLaw1 12341.84 WI . C 1967 | ||
| 100 | 1 |
_aWiederkehr, Georges _eAuteur |
|
| 245 | 1 | 4 |
_aLes Conflits De Lois en Matière De Régime Matrimonial / _cPar Georges Wiederkehr ; Préface De Alex Weill. |
| 264 | 1 |
_aParis : _bDalloz, _c1967. |
|
| 300 |
_ax, 358 pages ; _c 24 cm. |
||
| 336 |
_2rda contenu _a texte |
||
| 337 |
_2rda medias _aOrdinateur |
||
| 338 |
_2 transporteur rda _a Ressource en ligne |
||
| 490 | 0 |
_aBibliothèque de droit international privé ; _vv. 7. |
|
| 504 | _aInclude Bibliography: pages 333-345 And Bibliographic references | ||
| 546 | _aTexte en français | ||
| 650 | 1 | 4 |
_aConflit de lois _2qrmak _vDroit international privé |
| 651 | 1 | _2qrmak | |
| 700 | 1 |
_aWeill, Alex _ePréfacier |
|
| 856 | 4 | 0 | _uhttps://fll.law.cu.edu.eg/fulltext/bksB12-01567.pdf |
| 905 |
_a75 _eHassnaa |
||
| 942 |
_2ddc _n0 _cBK _e21 |
||
| 999 |
_c51154 _d51154 |
||